Ciudadanía / por Francisco Adán Cañizal y Antonio Tarrasa de Entrambasaguas
Descripción Física:
XI, 199 p ; 19 cm
Otros Autores:
Tarrasa de Entrambasaguas, Antonio
Materias:
Educació cívica
MARC
| LEADER | 00000nam a2200000Ia 4500 | ||
|---|---|---|---|
| 001 | 651 | ||
| 008 | 160829s1926 xx 000 0 cat d | ||
| 080 | |a M-2-316 | ||
| 100 | |a Adán Cañizal, Francisco |9 22268 | ||
| 245 | |a Ciudadanía / por Francisco Adán Cañizal y Antonio Tarrasa de Entrambasaguas | ||
| 260 | |a Valencia : |b (Tip. La Gutenberg), |c 1926 | ||
| 300 | |a XI, 199 p ; |c 19 cm | ||
| 650 | 0 | |a Educació cívica |9 35230 | |
| 700 | |a Tarrasa de Entrambasaguas, Antonio |9 22270 | ||
| 901 | |a Arxiu | ||
| 942 | |n 1 | ||
| 952 | |0 0 |1 0 |4 0 |6 M2316 |7 1 |9 42150 |a Arxiu |b Arxiu |d 2016-12-01 |l 0 |o M-2-316 |p 651 |r 2016-12-01 00:00:00 |w 2016-12-01 |y ARXIU | ||
| 999 | |c 44597 |d 44597 | ||